000 00288nam a2200145Ia 4500
100 _aChapman
650 _aMatlab
942 _cBK
366 _f25
654 _aMatlab
245 _aMATLAB Programming for Engineers
260 _b#N/A
546 _aENGLISH
_cPAMPHALETS
999 _c34821
_d34821